FIFA World Cup Winners Tile Select - Statistics

General Stats
  • This quiz has been taken 253 times
  • The average score is 23 of 24
Answer Stats
Question Tile Select % Correct
FIFA World Cup Winners Austria No
100%
FIFA World Cup Winners Argentina Yes
99%
FIFA World Cup Winners Brazil Yes
99%
FIFA World Cup Winners Colombia No
99%
FIFA World Cup Winners Croatia No
99%
FIFA World Cup Winners France Yes
99%
FIFA World Cup Winners Germany Yes
99%
FIFA World Cup Winners Bulgaria No
98%
FIFA World Cup Winners England Yes
98%
FIFA World Cup Winners Chile No
97%
FIFA World Cup Winners Russia No
97%
FIFA World Cup Winners Switzerland No
97%
FIFA World Cup Winners Belgium No
96%
FIFA World Cup Winners United States No
96%
FIFA World Cup Winners Czechoslovakia No
95%
FIFA World Cup Winners Italy Yes
95%
FIFA World Cup Winners Mexico No
95%
FIFA World Cup Winners Sweden No
95%
FIFA World Cup Winners Spain Yes
94%
FIFA World Cup Winners Hungary No
93%
FIFA World Cup Winners Portugal No
93%
FIFA World Cup Winners Yugoslavia No
93%
FIFA World Cup Winners Netherlands No
91%
FIFA World Cup Winners Uruguay Yes
89%
No matching quizzes found
Score Distribution
Percent of People with Each Score
Percentile by Number Answered
Your Score History
You have not taken this quiz